| 000 | 00522nam a2200133 a 4500 | ||
|---|---|---|---|
| 008 | 120416s1978 ||||||||||||||||| || u | ||
| 050 | _aRA 1051 Pat | ||
| 100 | _aMason, John Kenyon | ||
| 245 | 1 | 4 |
_aThe pathology of violent injury _cedited by John Kenyon Mason |
| 260 |
_aLondon _bEdward Arnold _c1978 |
||
| 300 | _axi, 388p. : ill. | ||
| 350 | _a0.00 | ||
| 995 |
_D0.00 _FCBU-MAIN LIBRARY (Kitwe) _H1 _I15.00 _M1 _UAVAILABLE _WApr 10, 2007 _ZAnnex Low-Usage Collection |
||
| 999 |
_c53190 _d53190 |
||